Dez dedos, dez segredos (Registo nº 4502)

Detalhes MARC
000 -Etiqueta do registo
Cabeçalho 00841nam0a2200277 4500
005 - Identificador da versão
Campo de controlo 20240813122104.0
010 ## - Número internacional normalizado dos livros (ISBN)
Número (ISBN) 9789726806233
021 ## - Número do Depósito Legal
Código do país PT
Número 223681/05
100 ## - Dados gerais de processamento
Dados gerais de processamento 20161028d2015 c y0pory5003 ba
102 ## - Pais de publicação ou produção
País de publicação Portugal
101 0# - Língua de publicação
Língua do texto, banda sonora, etc. Português
215 ## - Descrição física 
Indicação específica da natureza do documento e extensão da espécie 48 p.
Outras indicações físicas il. color
Material acompanhante 1 Cd audio
200 1# - Titulo e menção de responsabilidade
Título próprio Dez dedos, dez segredos
Primeira menção de responsabilidade Maria Alberta Menéres
Outras menções de responsabilidade il. Connie Fischer
-- mus. João Henrique
210 ## - Publicação, Distribuição, etc. 
Lugar da edição, distribuição, etc. Lisboa
Nome do editor, distribuidor, etc. Lisboa Ed.
Data da publicação, distribuição, etc. 2015
300 ## - Notas gerais 
Texto da nota Metas Curriculares
Texto da nota PNL
606 ## - Nome comum usado como assunto
Número de registo de entrada de autoridade 0001335
Palavra de ordem Literatura portuguesa
Subdivisão de assunto Conto
Código do sistema CA
675 ## - Classificação Decimal Universal (CDU)
Notação 821.134.3-34
Edição 3ª ed.
Língua da edição por
702 #1 - Nome de autor-pessoa física (responsabilidade secundária)
Número de registo de entrada de autoridade 0001383
Palavra de ordem Fischer
Outra parte do nome não tomada para palavra de ordem Connie
Código de função Ilustrador / Técnico de desenho computorizado
Número de registo de entrada de autoridade 0001382
Palavra de ordem Henrique
Outra parte do nome não tomada para palavra de ordem João
Código de função Autor de arranjo musical / Orquestrador /Autor da realização do baixo contínuo / Autor da redução
700 #1 - Nome de autor-pessoa física (responsabilidade principal)
Número de registo de entrada de autoridade 0000051
Palavra de ordem Menéres
Outra parte do nome não tomada para palavra de ordem Maria Alberta
Datas 1930-
966 ## - Identificação da Biblioteca
Sigla EBVEN
942 ## - Elementos de entrada adicionados (Koha)
Tipo de item no Koha Livro
Exemplares
Situação do levantamento Origin of item (home branch) (coded) Biblioteca de empréstimo Código de barras Cota Circulation type (not for loan) Tipo de documento Nota do exemplar Damaged status
  Biblioteca Escolar das Vendas Biblioteca Escolar das Vendas BEV2508 8POR MEN MET PNL   Livro Sem mensagem